Science in public: (Registro nro. 7305)

Detalles MARC
000 -CABECERA
Campo de control 00817nam a22002417a 4500
005 - FECHA Y HORA DE LA ULTIMA TRANSACCION
Campo de control 20150122084439.0
008 - ELEMENTOS DE LONGITUD FIJA—INFORMACION GENERAL
Campo de control 130611b1998 nyu||||g |||| 00| 0 eng d
020 ## - ISBN
ISBN 0306458608
040 ## - FUENTE DE CATALOGACIÓN
Agencia catalogadora original CO-BoIAVH
Agencia transcriptora CO-BoIAVH
041 ## - IDIOMA
Código de idioma para texto/pista de sonido o título separado Inglés
082 00 - NUMERO DE CLASIFICACION DECIMAL DEWEY
Número de clasificación 306.4
Número del ítem G82s
100 1# - ASIENTO PRINCIPAL--NOMBRE PERSONAL
Nombre personal Gregory, Jane
Fechas asociadas con el nombre 1962-
245 10 - MENCION DE TITULO
Título Science in public:
Parte restante del título communication, culture, and credibility
Mención de responsabilidad Edites by Jave Gregory et al
260 ## - PUBLICACION, DISTRIBUCION, ETC. (PIE DE IMPRENTA)
Lugar de publicación, distribución, etc. New York :
Nombre del editor, distribuidor, etc. Plenum Trade,
Fecha de publicación, distribución, etc. c1998
300 ## - DESCRIPCION FISICA
Extensión x, 294 p. ;
Dimensiones 24 cm.
504 ## - NOTA DE BIBLIOGRAFIA, ETC.
Nota de bibliografía Incluye referencias bibliográficas (pag. 251-282) e índice
650 #0 - ASIENTO SECUNDARIO DE MATERIA - TERMINO TEMATICO
Término temático o nombre geográfico como elemento de entrada Science
Subdivisión general Public Opinion
650 #0 - ASIENTO SECUNDARIO DE MATERIA - TERMINO TEMATICO
Término temático o nombre geográfico como elemento de entrada Science
Subdivisión general Social aspects
650 #0 - ASIENTO SECUNDARIO DE MATERIA - TERMINO TEMATICO
Término temático o nombre geográfico como elemento de entrada Ciencia
Subdivisión general Aspectos sociales
700 1# - ASIENTO SECUNDARIO - NOMBRE PERSONAL
Nombre personal Miller, Steve
Fechas asociadas con el nombre 1948-
700 1# - ASIENTO SECUNDARIO - NOMBRE PERSONAL
Nombre personal Gregory, Jane
942 ## - ELEMENTOS ADICIONALES (KOHA)
Sistema de clasificación Dewey Decimal Classification
Tipo de ítem Bibliografías
Existencias
Withdrawn status Lost status Sistema de Clasificación Damaged status No para préstamo Colección Inventariado Ubicación Permanente Ubicación actual Fecha de adquisición Fuente de Valor Valor Total Checkouts Total Renewals Número topográfico Inventario / Código de Barras Date last seen Date checked out Ejemplar Price effective from Forma de adquisición Tipo de material
    Dewey Decimal Classification     General Inventariado 2017 Bogotá Bogotá 11/06/2013 Instituto 39000.00 4 1 LB-306.4 G82s 028709 09/08/2019 21/03/2018 Ej. 1 11/06/2013   Libro